000 01173cab a22002175a 4500
001 L152214
008 110210e20110204xxk 000 0 eng d
035 _a(Sirsi) u152214
041 0 _aeng
100 1 _aEade, Christine
245 0 0 _aMarkets
_bKent, Surrey and Sussex
260 _c2011
490 0 _aProperty Week
_v77(5) 4 February 2011, 59-68(5)
520 _aGuildford and Crawley have near record office vacancy rates resulting from public sector cuts and downsizing. West Register, RBS's property vehicle is to let Explorer 2 in Crawley to Amey. Tesco subsidiary Spenhill Regeneration will hear shortly if it has been chosen as the preferred partner in Sittingbourne's town centre regeneration scheme. Work on the final stage of Brighton's New England Quarter development should begin later in 2011. Locate in Kent, the investment promotion agency, has lost £600 000 private-public sector funding. Retail occupancy will secure more housing for the Kings Hill scheme in West Malling.
590 _aKA
651 4 _aKent
651 4 _aSurrey
651 4 _aSussex
_y1888-
690 _aPROPERTY-COMMERCIAL PROPERTY-COMMERCIAL PROPERTY MARKET
942 _n0
999 _c82917
_d82917